Der Entscheidungsprozess beim privaten Automobilkauf

Gespeichert in:
Bibliographische Detailangaben
1. Verfasser: Auer, Daniel
Format: Buchkapitel
Sprache:Deutsch
Schlagworte:
Tags: Tag hinzufügen
Keine Tags, Fügen Sie das erste Tag hinzu!

MARC

LEADER 00000nla$a2200000$$$4500
001 0084122
005 20240502071940.1
041 0 |a ger 
044 |a SK 
245 1 0 |a Der Entscheidungsprozess beim privaten Automobilkauf  |c Daniel Auer 
610 2 0 |a spotrebitelia 
610 2 0 |a rozhodovanie 
610 2 0 |a nákup 
610 2 0 |a automobily 
610 2 0 |a modely 
100 1 |a Auer, Daniel